baroque - Statistiques

Statistiques générales
  • Ce quiz a été pris 8 fois
  • Le résultat moyen est 7 sur 14
Statistiques - réponses
Hint Réponse % Correct
auteurs corneille
100%
apparence
50%
chaos
50%
cyrano de bergerac
50%
désordre
50%
figures de style nombreuses
50%
illusion
50%
thèmes instabilité
50%
procédés intrigues complexes
50%
années milieu 17
50%
mouvements (eau,fumée)
50%
pas de règles
50%
théâtre dans le théâtre
50%
principes éphémère, rien n'est figé
0%
Aucun quiz correspondant
Distribution des résultats
% des personnes avec chaque résultat
Percentile par nombre de réponses
Votre historique - résultats
Vous n’avez pas pris ce quiz